000 00814nam a2200337Ia 4500
005 20260514124431.0
008 008 261405s9999 xx 000 0 eng d
037 _aThesis
040 _aCRL
040 _beng
040 _cCRL
041 _2eng
041 _aeng
084 _qCRL
100 _aAugustus Vivek.C.
_91240014
245 0 _aEvaluation of Tarsectomy with Levator Resection in the Treatment of Congenital Ptosis.
260 _aDelhi
260 _bUniversity of Delhi
260 _c2016
300 _a66p.
502 _bPh.D.
502 _cUniversity of Delhi
502 _d2016
541 _oThesis
650 _aSurgery
700 _aDr.Ruchi Goel
_91239561
700 _aDr.Sushil Kumar
_91239562
710 _aSurgery
942 _cTH
999 _c1851887
_d1851887